000 00545nam a22001937a 4500
003 BD-ChCU
005 20251120135256.0
008 251120b ii ||||| |||| 00| 0 eng d
020 _a9789393662682
040 _cBD-ChCU
082 _a570.15195 S131e
100 _aSaha, Indranil
_916544
245 _aEssentials of biostatistics and research methodology /
_cIndranil Saha and Bobby Paul
250 _a5th ed.
260 _aKolkata:
_bAcademic Pub,
_cc2025
300 _a456p.
650 0 _aBiostatistics
_916545
942 _2ddc
_cBK
_n0
999 _c109647
_d109647